Northern Line Stations - Statistics

General Stats
  • This quiz has been taken 548 times
  • The average score is 37 of 50
Answer Stats
Station % Correct
Morden
89%
Bank
88%
Euston
88%
High Barnet
86%
Charing Cross
85%
King's Cross St Pancras
85%
Camden Town
83%
Moorgate
83%
Clapham Common
82%
Tottenham Court Road
82%
Clapham North
81%
Clapham South
81%
Leicester Square
81%
London Bridge
81%
Mornington Crescent
80%
Old Street
80%
Angel
79%
Goodge Street
79%
Borough
78%
Edgware
78%
Oval
78%
Balham
77%
Kennington
77%
Waterloo
77%
Elephant & Castle
76%
Embankment
76%
Tooting Bec
76%
Warren Street
76%
Stockwell
75%
Archway
73%
Chalk Farm
73%
Hampstead
73%
Kentish Town
71%
Mill Hill East
71%
East Finchley
70%
Belsize Park
69%
Finchley Central
69%
Golders Green
69%
Highgate
69%
Tooting Broadway
69%
West Finchley
69%
South Wimbledon
67%
Colliers Wood
66%
Brent Cross
65%
Hendon Central
62%
Tufnell Park
62%
Burnt Oak
58%
Colindale
56%
Woodside Park
53%
Totteridge & Whetstone
45%
No matching quizzes found
Score Distribution
Percent of People with Each Score
Percentile by Number Answered
Your Score History
You have not taken this quiz